Statistiken für Schauspieler nach Bildern #2

Klicken Sie hier um das Quiz zu spielen!

Allgemein

  • Dieses Quiz wurde 430 mal gespielt
  • Das Durchschnittsergebnis liegt bei 6 aus 20

Antwortstatistiken

Antwort% Korrekt
Leonardo DiCaprio
94%
Adam Sandler
88%
Jennifer Aniston
83%
Mila Kunis
63%
Meryl Streep
44%
Adam Driver
41%
Christian Bale
40%
Jack Nicholson
32%
Gwyneth Paltrow
29%
Kevin Costner
21%
Michael Keaton
15%
Kurt Russell
14%
Milla Jovovich
12%
Gene Hackman
8%
Yul Brynner
6%
Anthony Perkins
3%
Charlotte Gainsbourg
3%
Toni Colette
2%
Kim Novak
1%
John Getz
0%

Verteilung der Resultate

Perzentil nach korrekt beantworteten Fragen

Anzahl Personen mit jedem Resultat

Ihre Resultats-Entwicklung

Sie haben dieses Quiz noch nicht gespielt